000 00332 a2200145 4500
001 121461
020 _a9788540309357
040 _cEscola Canadense de Niteroi
100 _aMaria Amélia Vieira
245 1 0 _aViver Valores: História 5º Ano
362 0 _a2018
490 0 _aViver Valores
650 4 _aHistória
942 _cBK
999 _c121461
_d121461